Othelo. (Record no. 75429)

MARC details
000 -LEADER
fixed length control field 00654cam a22002411 4500
001 - CONTROL NUMBER
control field sa 67005760
003 - CONTROL NUMBER IDENTIFIER
control field DLC
005 - DATE AND TIME OF LATEST TRANSACTION
control field 20260227112400.0
008 - FIXED-LENGTH DATA ELEMENTS--GENERAL INFORMATION
fixed length control field 940930m19611962ii ch 000 0 nepo
010 ## - LIBRARY OF CONGRESS CONTROL NUMBER
LC control number sa 67005760
025 ## - OVERSEAS ACQUISITION NUMBER
Overseas acquisition number PL480:N-72
035 ## - SYSTEM CONTROL NUMBER
System control number (OCoLC)31205842
040 ## - CATALOGING SOURCE
Original cataloging agency DLC
Transcribing agency CU
Modifying agency CU
-- DLC
050 00 - LIBRARY OF CONGRESS CALL NUMBER
Classification number PR2796.N42
Item number O8
100 1# - MAIN ENTRY--PERSONAL NAME
Personal name Shakespeare, William,
Dates associated with a name 1564-1616.
240 10 - UNIFORM TITLE
Uniform title Othello.
Language of a work Nepali
245 10 - TITLE STATEMENT
Title Othelo.
260 ## - PUBLICATION, DISTRIBUTION, ETC.
Date of publication, distribution, etc. [1961/62]
300 ## - PHYSICAL DESCRIPTION
Extent 167 p.
Other physical details facsim., ports.
Dimensions 19 cm.
500 ## - GENERAL NOTE
General note In Nepali.
650 #0 - SUBJECT ADDED ENTRY--TOPICAL TERM
Topical term or geographic name entry element Othello (Fictitious character)
Form subdivision Drama.
700 1# - ADDED ENTRY--PERSONAL NAME
Personal name Rānā, Pushkara Śamśera Janġa Bahādura.

No items available.

Powered by Koha